Quizz sur la Tunisie - Statistiques

Statistiques générales
  • Ce quiz a été pris 203 fois
  • Le résultat moyen est 6 sur 15
Statistiques - réponses
Question Réponse % Correct
Date de l'indépendance de la Tunisie 1956
85%
Le premier président tunisien est : Bourguiba
70%
Quel événement déclanche la révolution tunisienne (et par la suite le printemps arabe) L’immolation d'un citoyen
63%
Quelle ville tunisienne fut une capitale aghlabide au IXe siècle ? Kairouan
61%
La Tunisie est le seul pays du Maghreb à avoir: Aboli légalement la polygamie
49%
Date du début de la révolution tunisienne (et du printemps arabe) 17 décembre 2010
40%
Date du début du protectorat français en Tunisie 1881
40%
La Tunisie est souvent citée comme un modèle régional pour: Pour ses réformes sociales
38%
La capital économique Tunisienne Sfax
38%
Carthage a été détruite par Rome à la fin: De la troisième guerre punique
33%
Le point culminant de la Tunisie est: Djbal chambi
33%
Le dernier bey de Tunisie Mohamed Lamine Pacha Bey,
33%
La Tunisie est le premier pays arabe et africain a : Lancer un satellite
21%
Quel courant religieux est historiquement présent à Djerba ? Ibadisme
10%
La Tunisie est souvent qualifiée de: Puissance régionale militaire
9%
Aucun quiz correspondant
Distribution des résultats
% des personnes avec chaque résultat
Percentile par nombre de réponses
Votre historique - résultats
Vous n’avez pas pris ce quiz